000 00912nam a2200253Ia 4500
003 OSt
005 20220930091002.0
006 a|||||r|||| 00| 0
007 ta
008 220926b |||||||| |||| 00| 0 eng d
024 _a3286
037 _cTheses
040 _aCRL
_cCRL
_beng
041 _2eng
_aeng
100 _aTahlan Shweta
_9544326
110 _aUniversity of Delhi. Faculty of Medical Science. Department of Obstetrics and Gynaecology
_9520246
245 0 _aScreening for premalignant and malignant lesions of cervix by HPV testing, PAP smear and aided visual methods in perimenopasal and postmenopausal women
260 _c2012
650 _aMEDICINE
700 _a Gandhi Gauri Gu.
_9531832
700 _aUniversity of Delhi. Faculty of Medical Science. Department of Obstetrics and Gynaecology
_9520248
942 _cDIS
_2CC
999 _c881451
_d881451